[Event "Hungarian National Open 2013"]
[Site "Zalakaros HUN"]
[Date "2013.05.29"]
[Round "8"]
[White "Banusz,T"]
[Black "Berczes,D"]
[Result "1/2-1/2"]
[WhiteElo "2592"]
[BlackElo "2532"]

1.c4 c6 2.Nf3 d5 3.d4 Nf6 4.Nc3 e6 5.g3 dxc4 6.Bg2 Nbd7 7.O-O Be7 8.a4 O-O
9.a5 Nd5 10.Qc2 Nb4 11.Qb1 h6 12.Rd1 b5 13.Bd2 Ba6 14.b3 Nd5 15.bxc4 bxc4
16.Qc2 Rb8 17.Na2 Rb3 18.e4 Nc7 19.Bf4 Ra3 20.Nd2 Na8 21.Nb1 Rd3 22.Rxd3 cxd3
23.Qxc6 Qc8 24.Qxc8 Rxc8 25.Nbc3 Nc7 26.Rb1 Ne8 27.e5 Bc4 28.Nb4 Nb8 29.d5 exd5
30.Nbxd5 Bf8 31.Bh3 Rd8 32.e6 Nc6 33.exf7+ Kxf7 34.Rb7+ Kg8 35.Rd7 Nf6 36.Nxf6+ gxf6
37.Rc7 Nxa5 38.Ne4 Bg7 39.Bd2 Bd5 40.Bxa5 Bxe4 41.Rxg7+ Kxg7 42.Bxd8 d2 43.Bg4 Bc2
44.Ba5 d1=Q+ 45.Bxd1 Bxd1  1/2-1/2

[Event "French Top 12 2013"]
[Site "Haguenau FRA"]
[Date "2013.05.30"]
[Round "1.4"]
[White "Maze,S"]
[Black "Loiseau,Q"]
[Result "1/2-1/2"]
[WhiteElo "2543"]
[BlackElo "2406"]

1.c4 c6 2.Nf3 d5 3.e3 Nf6 4.Nc3 e6 5.Qc2 Bd6 6.b3 O-O 7.Bb2 e5 8.cxd5 cxd5
9.Nb5 Nc6 10.Nxd6 Qxd6 11.d4 e4 12.Ne5 Bd7 13.Nxc6 Bxc6 14.Be2 Rfc8 15.Qd2 Rc7
16.O-O Rac8 17.Rfc1 Bd7 18.h3 Ne8 19.Rxc7 Nxc7 20.Rc1 b6 21.Rc3 Ne6 22.Rxc8+ Bxc8
23.Bc3 Ng5 24.Bb4 Qg6 25.Qc1 Be6 26.Kf1 Nxh3 27.Qc7 h5 28.Qxa7 Ng5 29.Qb8+ Kh7
30.Qh2 Kh6 31.Bd6 f6 32.Bf4 Qe8 33.Bxg5+ Kxg5 34.Qc7 Kh6 35.Qxb6 Qc8 36.Qc5 Qa8
37.Qc2 Qb8 38.Kg1 h4 39.Bf1 Qb4 40.Qc6 Bf7 41.Qc7 Be6 42.Qf4+ Kg6 43.Qxh4 Qa3
44.Be2 Kf7 45.Qh5+ Ke7 46.Qh8 Qc1+ 47.Kh2 Qc7+ 48.g3 Qc2 49.Qxg7+ Bf7 50.Qg4 Be6
51.Qh5 Bf7 52.Qg4  1/2-1/2

[Event "La Punta Closed 2013"]
[Site "San Luis ARG"]
[Date "2013.05.30"]
[Round "7.3"]
[White "Contin,D"]
[Black "Disconzi da Silva,R"]
[Result "0-1"]
[WhiteElo "2349"]
[BlackElo "2370"]

1.c4 c6 2.e4 d5 3.exd5 cxd5 4.d4 Nf6 5.Nc3 Nc6 6.Bg5 dxc4 7.d5 Ne5 8.Qd4 h6
9.Be3 Nd3+ 10.Bxd3 cxd3 11.Nf3 e6 12.dxe6 Bxe6 13.O-O-O Qa5 14.Qxd3 Bb4 15.Qb5+ Qxb5
16.Nxb5 Bxa2 17.Nc7+ Ke7 18.Rhe1 Be6 19.Nxa8 Rc8+ 20.Kb1 Bxe1 21.Rxe1 Rxa8
22.Bc5+ Kd7 23.Nd4 b6 24.Nxe6 fxe6 25.Bd4 Rc8 26.Re3 Ke7 27.Ra3 Rc7 28.Be5 Rd7
29.b4 Kf7 30.Kc2 b5 31.Bb8 Rd4 32.Rxa7+ Kg8 33.Be5 Rxb4 34.f3 Rc4+ 35.Kd3 Rc5
36.Bxf6 gxf6 37.Re7 Rd5+ 38.Ke3 Re5+ 39.Kf4 Re2 40.Kg3 b4 41.Rb7 Rb2 42.h4 b3
43.Kh3 h5 44.Kg3 Rb1 45.Kf4 b2 46.Kg3 e5 47.Kh2 f5 48.Kg3 e4 49.Kf4 e3 50.Kxf5 e2
51.g4 e1=Q  0-1

[Event "35th Nezhmetdinov Cup"]
[Site "Kazan RUS"]
[Date "2013.06.01"]
[Round "2.10"]
[White "Ibragimov,I"]
[Black "Arslanov,S"]
[Result "1-0"]
[WhiteElo "2571"]
[BlackElo "2391"]

1.c4 c6 2.e4 d5 3.exd5 cxd5 4.d4 Nf6 5.Nc3 g6 6.cxd5 Nxd5 7.Qb3 Nb6 8.Bb5+ Bd7
9.Nf3 Bg7 10.O-O O-O 11.Bg5 Bxb5 12.Qxb5 Nc6 13.Rad1 h6 14.Bh4 a6 15.Qb3 Re8
16.Ne5 Nxe5 17.dxe5 Qc7 18.e6 f6 19.Rd4 Rac8 20.Rfd1 Qc6 21.Rd7 g5 22.Bg3 f5
23.f3 Nc4 24.Nd5 Nxb2 25.Re1 Kh8 26.Bf2 Qc2 27.Nxe7 Nd3 28.Ng6+ Kh7 29.Bd4 Kxg6
30.Rxg7+ Kh5 31.Qxb7 Rc7 32.Rxc7 Rxe6 33.Rf1 Qe2 34.Qb1 Rd6 35.Rc2  1-0

[Event "OKU Open A 2013"]
[Site "Maarssen NED"]
[Date "2013.06.01"]
[Round "2.22"]
[White "Agter,F"]
[Black "Harnandan,Sergio"]
[Result "1-0"]
[WhiteElo "2144"]
[BlackElo "1953"]

1.c4 c6 2.g3 d5 3.Bg2 Nf6 4.Nf3 Bf5 5.cxd5 cxd5 6.Qb3 Qc7 7.Nc3 e6 8.d3 Bd6
9.Nb5 Qd7 10.Nxd6+ Qxd6 11.Qxb7 Qc6 12.Qb4 Na6 13.Qa3 Rb8 14.Bd2 Ng4 15.O-O Qb6
16.Rac1 f6 17.Nh4 Bg6 18.Nxg6 hxg6 19.Qa4+ Kf7 20.Qxg4 Qxb2 21.Qa4 Qxd2 22.Qxa6 f5
23.Qxa7+ Kf6 24.Qd4+  1-0

[Event "OKU Open A 2013"]
[Site "Maarssen NED"]
[Date "2013.06.01"]
[Round "4.2"]
[White "Janssen,Ru"]
[Black "Van der Heijden,Al"]
[Result "1-0"]
[WhiteElo "2469"]
[BlackElo "2271"]

1.c4 c6 2.Nf3 g6 3.Nc3 d5 4.d4 Bg7 5.Bf4 Nf6 6.e3 O-O 7.Rc1 Nbd7 8.cxd5 Nxd5
9.Nxd5 cxd5 10.Bc7 Qe8 11.Qb3 Nf6 12.Ne5 a6 13.Be2 b5 14.O-O Be6 15.Qb4 Ra7
16.Qa5 Ne4 17.Bb6 Rb7 18.Qxa6 Qa8 19.Qa5 Qxa5 20.Bxa5 Ra8 21.Nc6 Nd6 22.a3 Nc4
23.Bb4 Nxb2 24.Nxe7+ Kh8 25.Bf3 Rd7 26.Rc8+ Rxc8 27.Nxc8 Nc4 28.Bc5 Rc7 29.Nd6 Nxd6
30.Bxd6 Rc2 31.Rb1 Bf5 32.Bxd5 Rd2 33.Rc1  1-0

[Event "Icelandic Open Championship 2013"]
[Site "Reykjavik ISL"]
[Date "2013.06.02"]
[Round "4.9"]
[White "Thorsteinsson,T"]
[Black "Johannesson,Oliver"]
[Result "1/2-1/2"]
[WhiteElo "2266"]
[BlackElo "2006"]

1.c4 c6 2.Nf3 d5 3.b3 Nf6 4.g3 Bf5 5.Bg2 Nbd7 6.d4 e6 7.O-O Bd6 8.Bb2 O-O
9.Ne5 Qc7 10.Nd3 Be4 11.c5 Be7 12.b4 a5 13.a3 Bxg2 14.Kxg2 b5 15.Nd2 Ne4
16.Nb3 a4 17.Nbc1 Rae8 18.f3 Nef6 19.Qc2 Bd8 20.Bc3 Qb8 21.Qb2 Bc7 22.Ne5 Nxe5
23.dxe5 Nd7 24.Nd3 f6 25.f4  1/2-1/2

[Event "Mitropa Cup 2013"]
[Site "Meissen GER"]
[Date "2013.06.03"]
[Round "3.5"]
[White "Guidarelli,L"]
[Black "Diermair,A"]
[Result "0-1"]
[WhiteElo "2472"]
[BlackElo "2431"]

1.c4 c6 2.Nf3 d5 3.e3 Nf6 4.Qc2 e6 5.b3 Bd6 6.Bb2 O-O 7.Be2 Re8 8.Nc3 e5
9.d4 exd4 10.Nxd4 dxc4 11.Bxc4 Bg4 12.h3 Bh5 13.g4 Bg6 14.Nf5 Qa5 15.a3 Nbd7
16.Bxf7+ Kxf7 17.Nxd6+ Kf8 18.Nf5 Rad8 19.O-O-O Ne5 20.f4 Rxd1+ 21.Rxd1 Nexg4
22.hxg4 Nxg4 23.e4 Bxf5 24.Qd2 Be6 25.f5 Bxb3 26.Rg1 h5 27.Qg5 Qc5 28.Rh1 Rxe4
29.Kb1 Qe7  0-1

[Event "6th Mayors Cup 2013"]
[Site "Mumbai IND"]
[Date "2013.06.03"]
[Round "8"]
[White "Mchedlishvili,M"]
[Black "Amonatov,F"]
[Result "1/2-1/2"]
[WhiteElo "2645"]
[BlackElo "2616"]

1.c4 c6 2.e4 d5 3.exd5 cxd5 4.cxd5 Nf6 5.Nc3 Nxd5 6.Nf3 Nc6 7.Bb5 e6 8.O-O Be7
9.d4 O-O 10.Re1 Bd7 11.Nxd5 exd5 12.h3  1/2-1/2

[Event "35th Nezhmetdinov Cup"]
[Site "Kazan RUS"]
[Date "2013.06.04"]
[Round "5.31"]
[White "Ayupov,D"]
[Black "Kaliadzich,M"]
[Result "1-0"]
[WhiteElo "2334"]
[BlackElo "1982"]

1.c4 c6 2.e4 d5 3.exd5 cxd5 4.d4 Nf6 5.Nc3 e6 6.Nf3 Be7 7.cxd5 Nxd5 8.Bc4 Nxc3
9.bxc3 O-O 10.O-O Qc7 11.Qe2 b6 12.Re1 Bf6 13.Ba3 Rd8 14.d5 Bxc3 15.dxe6 Bxe6
16.Bxe6 Bxe1 17.Bd5 Bc3 18.Rc1 Nc6 19.Bxc6 Qxc6 20.Bb2 Qd5 21.Bxc3 Rac8 22.h3 h6
23.Kh2 Rc5 24.Bb2 Rxc1 25.Bxc1 Qd6+ 26.g3 Qd1 27.Qe3 Qc2 28.a3 Qd3 29.Qe7 Qd7
30.Qh4 Rc8 31.Bb2 Rc2 32.Bd4 Ra2 33.Ne5 Qf5 34.Qd8+ Kh7 35.Ng4 Qg6 36.Qf8 h5
37.Ne5 Qf6 38.Nf3 Qg6 39.Nh4 Qg5 40.Qxf7 Rxa3 41.Be3 Qe5 42.Nf5 Rxe3 43.Nxe3 h4
44.Ng4 hxg3+ 45.fxg3 Qb2+ 46.Kg1 a5 47.Qf5+ Kh8 48.Qh5+ Kg8 49.Qd5+ Kh7 50.Qf5+ Kh8
51.h4 Qd4+ 52.Kg2 a4 53.Kh3 Qa1 54.Ne5 a3 55.Ng6+ Kg8 56.Ne7+  1-0

[Event "Icelandic Open Championship 2013"]
[Site "Reykjavik ISL"]
[Date "2013.06.04"]
[Round "6.8"]
[White "Thorsteinsson,T"]
[Black "Valtysson,T"]
[Result "1/2-1/2"]
[WhiteElo "2266"]
[BlackElo "2046"]

1.c4 c6 2.Nf3 d5 3.d4 Nf6 4.Qb3 dxc4 5.Qxc4 Bf5 6.g3 e6 7.Bg2 h6 8.O-O Be7
9.Rd1 Nbd7 10.Bd2 O-O 11.b4 Nb6 12.Qc1 Ne4 13.Be1 Nd5 14.a3 Bh7 15.Ne5 Kh8
16.e3 h5 17.f3 Bg5 18.f4 Be7 19.Nc3 Ndxc3 20.Bxc3 Bf5 21.Qb2 Bf6 22.Bf3 h4
23.g4 Bh7 24.Be1 g5 25.Qg2 Nd6 26.Bc3 Bg7 27.Kh1 f6 28.Nd3 Nc4 29.Qe2 Qe7
30.Nc5 Nb6 31.fxg5 fxg5 32.e4 Rf7 33.Bg2 Raf8 34.Qa2 h3 35.Bf1 Qf6 36.Qe2 Qe7
37.Qa2 Qf6  1/2-1/2

[Event "FSIM June 2013"]
[Site "Budapest HUN"]
[Date "2013.06.05"]
[Round "5.5"]
[White "To,N"]
[Black "Li Bo"]
[Result "0-1"]
[WhiteElo "2302"]
[BlackElo "2307"]

1.c4 c6 2.Nf3 Nf6 3.g3 g6 4.Bg2 Bg7 5.d4 O-O 6.Nc3 d5 7.cxd5 cxd5 8.Ne5 Nc6
9.O-O Bf5 10.Bf4 h6 11.Rc1 Rc8 12.Qd2 g5 13.Nxc6 Rxc6 14.Be5 e6 15.Na4 Qc8
16.b3 Ne4 17.Bxe4 dxe4 18.Rxc6 Qxc6 19.Rc1 Qd5 20.Rc5 Qd8 21.Bxg7 Kxg7 22.Qc3 Qf6
23.Re5 b6 24.Qe3 Qd8 25.Nc3 a6 26.g4 f6 27.Rxe4 Bxe4 28.Nxe4 Qd5 29.Ng3 f5
30.h4 fxg4 31.hxg5 Qxg5 32.Qxe6 h5 33.e4 Qc1+ 34.Kg2 Rxf2+ 35.Kxf2 Qf4+ 36.Ke2 Qf3+
37.Kd2 Qf4+ 38.Kd1 Qxg3 39.Qe7+ Kg6 40.Qe6+ Kg5 41.Qf5+ Kh4 42.d5 Qd3+ 43.Kc1 g3
44.Qf4+ Kh3 45.Qf5+ Kg2 46.Qxh5 Kg1 47.e5 g2 48.e6 Kf2 49.Qh4+ Qg3 50.Qf6+ Ke1
51.e7 Qe3+ 52.Kc2 g1=Q 53.Qa1+ Kf2 54.Qf6+ Ke2  0-1

[Event "Mitropa Cup 2013"]
[Site "Meissen GER"]
[Date "2013.06.05"]
[Round "5.2"]
[White "Pacher,M"]
[Black "Bluebaum,M"]
[Result "1/2-1/2"]
[WhiteElo "2464"]
[BlackElo "2521"]

1.c4 c6 2.g3 d5 3.Bg2 Nf6 4.Nf3 dxc4 5.O-O Nbd7 6.Na3 Nb6 7.Qc2 Be6 8.Ng5 Bg4
9.Re1 Qd4 10.d3 h6 11.Ne4 Nxe4 12.dxe4 e5 13.Rd1 Qc5 14.Be3 Qb4 15.Bxb6 Qxb6
16.Nxc4 Qc7 17.Ne3 Be6 18.Rd3 Rc8 19.Rad1 Be7 20.Rc3 Qb8 21.Nf5 Bxf5 22.exf5 O-O
23.Rd7 Rc7 24.Rcd3 Bf6 25.Qb3 Qc8 26.Rxc7 Qxc7 27.Qa3 a6 28.Qd6 Qxd6 29.Rxd6 Rd8
30.Rxd8+ Bxd8 31.e3  1/2-1/2

[Event "Mitropa Cup 2013"]
[Site "Meissen GER"]
[Date "2013.06.05"]
[Round "5.2"]
[White "Fridman,D"]
[Black "Michalik,P"]
[Result "1/2-1/2"]
[WhiteElo "2629"]
[BlackElo "2565"]

1.c4 c6 2.Nf3 d5 3.d4 Nf6 4.Nc3 e6 5.Bg5 Nbd7 6.cxd5 exd5 7.e3 Be7 8.Qc2 Nf8
9.Bd3 Ne6 10.Bh4 g6 11.O-O O-O 12.Rab1 Ng7 13.b4 a6 14.a4 Bf5 15.Ne5 Nd7
16.Bxe7 Qxe7 17.Nxd7 Qxd7 18.b5 axb5 19.axb5 Bxd3 20.Qxd3 Nf5 21.Qc2 Ra5
22.bxc6 bxc6 23.Na4 Qa7 24.Rb4 Rc8 25.Rfb1 Nd6 26.h3 Kg7 27.Nc5 Ra1 28.Qd1 Ra8
29.g3 Rxb1 30.Qxb1 Qa1 31.Qxa1 Rxa1+ 32.Kg2 Ra2 33.g4 Nc4 34.Kg3 h5 35.Rb7 h4+
36.Kf3 g5 37.Rc7 Nd2+ 38.Kg2 Nc4 39.Kf3 Nd2+ 40.Kg2  1/2-1/2

[Event "FIDE World Rapid 2013"]
[Site "Khanty-Mansiysk RUS"]
[Date "2013.06.06"]
[Round "4.6"]
[White "Ponomariov,R"]
[Black "Potkin,V"]
[Result "0-1"]
[WhiteElo "2743"]
[BlackElo "2647"]

1.c4 c6 2.g3 d5 3.Bg2 Nf6 4.Nf3 Bf5 5.cxd5 cxd5 6.Qb3 Nc6 7.Qxb7 Bd7 8.Qb3 Rb8
9.Qd1 e5 10.d3 Bb4+ 11.Nfd2 h5 12.Nc3 Bxc3 13.bxc3 h4 14.Ba3 Qa5 15.Qc1 Rc8
16.Nb3 Qc7 17.Nc5 Bf5 18.e4 dxe4 19.dxe4 Bg4 20.h3 Bh5 21.O-O O-O 22.Rb1 Rfd8
23.g4 Bg6 24.Rd1 Na5 25.Rxd8+ Rxd8 26.f3 Nc4 27.Bf1 Nd2 28.Rb7 Nxf3+ 29.Kg2 Qc8
30.Kxf3 Nxe4 31.Nxe4 Bxe4+ 32.Kxe4 Qxb7+ 33.Ke3 Qh1 34.Qe1 e4 35.Qf2 Rd1
36.Bg2 Rd3+ 37.Kxe4 Qb1 38.Kf4 Rxc3 39.Bd6 Qd3 40.Be7 Rc4+ 41.Kg5 Rc2 42.Qxa7 Qd2+
43.Kxh4 Qxg2 44.Qb8+ Kh7 45.Qf4 Rc3 46.Kg5 Qxh3 47.Qe4+ Kg8 48.Qa8+  0-1

[Event "FIDE World Rapid 2013"]
[Site "Khanty-Mansiysk RUS"]
[Date "2013.06.06"]
[Round "4.15"]
[White "Artemiev,V"]
[Black "Grachev,B"]
[Result "1/2-1/2"]
[WhiteElo "2524"]
[BlackElo "2683"]

1.c4 c6 2.Nf3 d5 3.e3 Nf6 4.Nc3 e6 5.b3 Bd6 6.Bb2 O-O 7.Be2 b6 8.O-O Bb7
9.Rc1 Nbd7 10.cxd5 exd5 11.d4 Qe7 12.Bd3 Rfe8 13.Ne2 g6 14.Ng3 Rad8 15.Rc2 h5
16.Qe2 Ne4 17.Ba6 Bxa6 18.Qxa6 h4 19.Nxe4 dxe4 20.Nd2 Nb8 21.Qe2 h3 22.g3 Qe6
23.Rfc1 Bf8 24.Nb1 c5 25.dxc5 bxc5 26.Nd2 Nc6 27.Bc3 Nd4 28.exd4 cxd4 29.Bxd4 Rxd4
30.Nf1 Bh6 31.Re1 Qd5 32.Ne3 Bxe3 33.Qxe3 Rd3 34.Qc5 Rd1 35.Qe3 Rd3 36.Qc5 Rd1
37.Qe3 Rxe1+ 38.Qxe1 a5 39.Re2 e3 40.fxe3 Rxe3 41.Qf1 Rf3 42.Qa1 Qc5+ 43.Kh1 Qc6
44.Kg1 Rc3 45.Qb2 Rc1+ 46.Kf2 Qc5+ 47.Kf3 Rf1+ 48.Rf2 Qd5+ 49.Ke3 Re1+ 50.Re2 Rf1
51.Rf2 Re1+ 52.Re2 Rd1 53.Rd2 Qe6+ 54.Kd3 Qf5+ 55.Ke3 Re1+ 56.Re2 Rb1 57.Qd4 Rf1
58.Qd8+ Kg7 59.Qd4+ Kg8 60.Qd8+ Kg7 61.Qd4+ f6 62.Kd2 Qg5+ 63.Qe3 Qd5+ 64.Kc2 Qf5+
65.Kb2 Qe5+ 66.Qxe5 fxe5 67.Ka3 Kf6 68.g4 Kg5 69.Rxe5+ Kxg4 70.Re4+ Kh5 71.Re3 Kh4
72.Re4+ Kg5 73.Re3 Kg4 74.Rg3+ Kh4 75.Rxg6 Rf2 76.Rh6+ Kg4 77.Rg6+ Kh5 78.Ra6 Rxh2
79.Rxa5+ Kg4 80.Ra8 Rf2 81.Rg8+ Kf3 82.Rh8 h2 83.b4 Kg2 84.Ka4 Rxa2+ 85.Kb3 Rf2
86.Kc4 Rf4+ 87.Kc5 Rf5+ 88.Kc6 Rf6+ 89.Kc5 Rf5+ 90.Kc6 Rf6+ 91.Kc5 Rf8 92.Rh7 Rf5+
93.Kc6 Rf6+ 94.Kc5 Rf7 95.Rh8 Rf5+ 96.Kc6 Rf8 97.Rh7 Rc8+ 98.Kd6 Rb8 99.Kc5 Rc8+
100.Kd6 Rb8 101.Kc5 Rb7 102.Rxh2+ Kxh2 103.b5 Rxb5+  1/2-1/2

[Event "FIDE World Rapid 2013"]
[Site "Khanty-Mansiysk RUS"]
[Date "2013.06.06"]
[Round "5.7"]
[White "Khismatullin,D"]
[Black "Kamsky,G"]
[Result "0-1"]
[WhiteElo "2658"]
[BlackElo "2741"]

1.c4 c6 2.Nf3 Nf6 3.Nc3 d5 4.e3 g6 5.d4 Bg7 6.Bd3 O-O 7.O-O Bg4 8.h3 Bxf3
9.Qxf3 e6 10.Rd1 Nbd7 11.b3 Re8 12.Bb2 a5 13.Rac1 Qb8 14.Bf1 Nb6 15.Qe2 Nc8
16.Na4 Nd7 17.Nc5 Nxc5 18.dxc5 Bxb2 19.Qxb2 f5 20.a3 Qc7 21.b4 axb4 22.axb4 Qg7
23.Qb3 Ne7 24.Rb1 Ra7 25.cxd5 exd5 26.b5 Qe5 27.Qb4 Rea8 28.Qd4 Qxd4 29.exd4 Kf7
30.Re1 Ng8 31.g3 Nf6 32.bxc6 bxc6 33.Rb6 Rc7 34.Ba6 Raa7 35.Kg2 Nd7 36.Re3 Nf8
37.Reb3 Ne6 38.R3b4 Ke7 39.h4 Kd7 40.Kf3 Ra8 41.Ke3 Re8 42.Kd2 Rf8 43.Rb7 Ra8
44.R7b6 Nd8 45.Ke3 Rca7 46.Bd3 Ra3 47.Rb3 Rxb3 48.Rxb3 Ra4 49.Bc2 Ra2 50.Bb1 Ra4
51.Bc2 Ra7 52.h5 Ke7 53.hxg6 hxg6 54.g4 Kf6 55.gxf5 gxf5 56.Rb6 Ra3+ 57.Rb3 Ra2
58.Bb1 Ra4 59.Rb6 f4+ 60.Kd3 Ne6 61.Rxc6 Rxd4+ 62.Ke2 Ke5 63.Rc8 Rb4 64.Bh7 f3+
65.Kd1 Rd4+ 66.Kc2 Rc4+ 67.Kd1 Nxc5 68.Bc2 Rc3 69.Rh8 Ra3 70.Rh5+ Kd4 71.Rh4+ Ke5  0-1

[Event "35th Nezhmetdinov Cup"]
[Site "Kazan RUS"]
[Date "2013.06.07"]
[Round "8.31"]
[White "Ospennikov,D"]
[Black "Beinenson,Katsiaryna"]
[Result "1-0"]
[WhiteElo "2232"]
[BlackElo "1970"]

1.c4 c6 2.e4 e5 3.Nc3 d6 4.g3 Nf6 5.Bg2 Nbd7 6.Nge2 Be7 7.O-O O-O 8.d3 Rb8
9.b4 d5 10.exd5 cxd5 11.c5 d4 12.Nb1 Ne8 13.Nd2 a5 14.a3 Nc7 15.Nc4 axb4
16.axb4 Na6 17.Qb3 Kh8 18.f4 f6 19.f5 g6 20.g4 gxf5 21.gxf5 Rg8 22.Kh1 Qf8
23.Ng3 Qf7 24.Rb1 b5 25.Na5 Qxb3 26.Rxb3 Bxc5 27.bxc5 Naxc5 28.Rb1 Nxd3 29.Bh6 Nb6
30.Nh5 Rxg2 31.Kxg2 Ra8 32.Rxb5 Nd7 33.Rfb1 e4 34.Nc6 Ba6 35.Ne7 Nf4+ 36.Nxf4 Bxb5
37.Nh5  1-0

[Event "FIDE World Rapid 2013"]
[Site "Khanty-Mansiysk RUS"]
[Date "2013.06.07"]
[Round "6.14"]
[White "Zvjaginsev,V"]
[Black "Inarkiev,E"]
[Result "0-1"]
[WhiteElo "2659"]
[BlackElo "2680"]

1.c4 c6 2.e4 d5 3.exd5 cxd5 4.cxd5 Nf6 5.Nc3 Nxd5 6.Nf3 Nxc3 7.bxc3 g6 8.d4 Bg7
9.Bb5+ Nc6 10.O-O O-O 11.Re1 Qa5 12.Qa4 Qxa4 13.Bxa4 Be6 14.Bxc6 bxc6 15.Ba3 Bf6
16.Bc5 Rfc8 17.a4 a5 18.Nd2 Rab8 19.Ne4 Rb3 20.h3 Kg7 21.Nxf6 exf6 22.Rec1 Rcb8
23.c4 Rd3 24.Bd6 Rb2 25.Bc5 Rdd2 26.Ba3 Ra2 27.Rxa2 Rxa2 28.Rc3 g5 29.f3 Kg6
30.Kh2 f5 31.d5 cxd5 32.c5 d4 33.Rd3 Bd5 34.Kg1 Ba8 35.Rb3 f6 36.Bb2 Bd5
37.Rb6 Rxa4 38.Rd6 Rb4 39.Rxd5 Rxb2 40.Rxd4 Rc2 41.Rd5 a4 42.Kh2 a3 43.Rd3 a2
44.Ra3 Kf7 45.c6 Ke6 46.Ra7 h5 47.h4 f4  0-1

[Event "FIDE World Rapid 2013"]
[Site "Khanty-Mansiysk RUS"]
[Date "2013.06.07"]
[Round "10.21"]
[White "Kurnosov,I"]
[Black "Dubov,Danii"]
[Result "1/2-1/2"]
[WhiteElo "2657"]
[BlackElo "2638"]

1.c4 c6 2.e4 d5 3.exd5 cxd5 4.d4 Nf6 5.Nc3 g6 6.cxd5 Nxd5 7.Bc4 Nb6 8.Bb3 Bg7
9.Nf3 O-O 10.d5 Bg4 11.O-O N8d7 12.h3 Bxf3 13.Qxf3 Rc8 14.Bg5 h6 15.Bh4 Ne5
16.Qe2 Re8 17.Rad1 Qd7 18.Ne4 Nec4 19.Qf3 Nd6 20.Nxd6 exd6 21.Bf6 Bxf6 22.Qxf6 Qe7
23.Qf4 Kg7 24.Qb4 Qf6 25.Qa5 Ra8 26.Rc1 Re7 27.Rc2 Nd7 28.Rc7 Nc5 29.Rxe7 Qxe7
30.Bc4 Qd8 31.Qa3 Qf6 32.Re1 Qd4 33.Bf1 a5 34.Re7 Qf6 35.Re3 Rc8 36.Rf3 Qd4
37.Qxa5 Qxb2 38.Qe1 Qxa2 39.Qc3+ Kg8 40.Qf6 Qxd5 41.h4 Qe6 42.Qf4 Nd7 43.Qxh6 Ne5
44.Re3 Rc1 45.Ra3 Rc8 46.h5 Ng4 47.Qg5 Qf5 48.Qxf5 gxf5 49.Rd3 Rc6 50.Rd5 Nh6
51.Rb5 b6 52.Be2 Rc1+ 53.Kh2 Rc2 54.Bf3 Rxf2 55.Rd5 Kg7 56.Rxd6 b5 57.Rb6 Rb2
58.Kg3 Rb4 59.Be2 Rb3+ 60.Kf4 b4 61.Bf3 Rb1 62.Kg5 f6+ 63.Rxf6 Nf7+ 64.Kxf5 Nh6+
65.Kg5 Nf7+ 66.Kf5 Nh6+ 67.Ke4  1/2-1/2

[Event "FIDE World Rapid 2013"]
[Site "Khanty-Mansiysk RUS"]
[Date "2013.06.07"]
[Round "10.7"]
[White "Zvjaginsev,V"]
[Black "Jakovenko,D"]
[Result "1/2-1/2"]
[WhiteElo "2659"]
[BlackElo "2713"]

1.c4 c6 2.e4 d5 3.exd5 cxd5 4.cxd5 Nf6 5.Nc3 Nxd5 6.Nf3 Nxc3 7.bxc3 g6 8.d4 Bg7
9.Bb5+ Bd7 10.Bd3 O-O 11.O-O Nc6 12.Re1 Bg4 13.h3 Bxf3 14.Qxf3 Qa5 15.Bb2 e6
16.h4 Rac8 17.a4 Rfd8 18.h5 Qxh5 19.Qxh5 gxh5 20.a5 e5 21.a6 bxa6 22.Rxa6 exd4
23.cxd4 Nxd4 24.Re3 Ne6 25.Bxg7 Kxg7 26.Rxa7 Rc3 27.Rxe6 Rcxd3  1/2-1/2

[Event "35th Nezhmetdinov Cup"]
[Site "Kazan RUS"]
[Date "2013.06.08"]
[Round "9.3"]
[White "Kryakvin,D"]
[Black "Lintchevski,D"]
[Result "1-0"]
[WhiteElo "2576"]
[BlackElo "2526"]

1.c4 c6 2.d4 d5 3.Nf3 Nf6 4.Qb3 e6 5.Bg5 Be7 6.Nbd2 a5 7.a3 a4 8.Qc2 h6 9.Bh4 Nbd7
10.e3 g5 11.Bg3 Nh5 12.Bd3 Nxg3 13.hxg3 Qa5 14.O-O-O b5 15.c5 b4 16.axb4 Qxb4
17.Qc3 Qb8 18.Kc2 Bd8 19.Rb1 Ba6 20.Bxa6 Rxa6 21.b4 axb3+ 22.Nxb3 Ra2+ 23.Rb2 Rxb2+
24.Qxb2 Qb5 25.Nc1 Qc4+ 26.Qc3 Qxc3+ 27.Kxc3 g4 28.Nd2 e5 29.Nd3 Ba5+ 30.Kc2 e4
31.Nf4 Ke7 32.Ra1 Bc7 33.Ra7 Kd8 34.Nb3 Kc8 35.Na5 Bxa5 36.Ra8+ Nb8 37.Rxa5 Kb7
38.Nh5 Na6 39.Ng7 Nc7 40.Ra1 Nb5 41.Kb2 Kc7 42.Ra6 Rg8 43.Nh5 Rg5 44.Nf4 Rg8
45.Ra5 Rb8 46.Kc2 Rd8 47.Nh5 Rg8 48.Kd2 Rg5 49.Nf4 Kb7 50.Ke2 Nc3+ 51.Ke1 Nb5
52.Kd2 Nc7 53.Ra1 Ne6 54.Rh1 h5 55.Nxh5 Rg8 56.Rb1+ Kc7 57.Ra1 Kb7 58.Nf6 Rg6
59.Ne8 Nd8 60.Nd6+ Kb8 61.Rh1 Kc7 62.Rh7 Kd7 63.Nxf7 Nxf7 64.Rxf7+ Kc8 65.Kc3 Rh6
66.Kb4 Rh1 67.Ka5 Rb1  1-0

[Event "FIDE World Rapid 2013"]
[Site "Khanty-Mansiysk RUS"]
[Date "2013.06.08"]
[Round "14.16"]
[White "Zvjaginsev,V"]
[Black "Vasquez Schroeder,R"]
[Result "1-0"]
[WhiteElo "2659"]
[BlackElo "2542"]

1.c4 c6 2.e4 d5 3.exd5 Nf6 4.Nc3 cxd5 5.cxd5 Nxd5 6.Nf3 e6 7.Bc4 Nc6 8.O-O Be7
9.d4 O-O 10.Re1 Nf6 11.a3 a6 12.Ba2 b5 13.d5 exd5 14.Nxd5 Nxd5 15.Qxd5 Bb7
16.Qh5 Qc7 17.Bg5 Bxg5 18.Nxg5 h6 19.Re3 Na5 20.Qg6 hxg5 21.Rh3 Rfc8 22.Re1  1-0

[Event "National Open 2013"]
[Site "Las Vegas USA"]
[Date "2013.06.08"]
[Round "3"]
[White "Molner,M"]
[Black "Holt,C"]
[Result "1-0"]
[WhiteElo "2470"]
[BlackElo "2531"]

1.c4 c6 2.d4 d5 3.Nf3 Nf6 4.Qc2 dxc4 5.Qxc4 Bf5 6.g3 Nbd7 7.Bg2 e6 8.O-O Bd6
9.Nc3 O-O 10.Bg5 h6 11.e4 hxg5 12.exf5 exf5 13.Nxg5 Nb6 14.Qb3 a5 15.Rad1 a4
16.Qc2 g6 17.Rfe1 Bb4 18.a3 Bd6 19.h4 Ra5 20.Re5 Bxe5 21.dxe5 Nfd5 22.e6 f6
23.Nf7 Qe7 24.Nxd5 Nxd5 25.h5 Qxe6 26.hxg6 Rxf7 27.gxf7+ Kxf7 28.Qd2 Rc5
29.Re1 Qd6 30.Qd1 Kg6 31.Re8 Rc4 32.Bh3 Qc5 33.Bxf5+ Kh6 34.Qd2+ Kg7 35.Rh8 Kf7
36.Qe2 Kg7 37.Rh7+ Kf8 38.Rh8+ Kg7 39.Qe8 Rc1+ 40.Kg2 Ne3+ 41.Qxe3 Qxf5 42.Qh6+ Kf7
43.Qxc1  1-0

[Event "3rd Ortega Rating"]
[Site "Ortega COL"]
[Date "2013.06.08"]
[Round "3.20"]
[White "Salcedo,Di"]
[Black "Dabraccio,Guillermo"]
[Result "0-1"]
[WhiteElo "2014"]
[BlackElo "1744"]

1.c4 c6 2.Nc3 d5 3.d4 Nf6 4.Nf3 Nbd7 5.e3 a6 6.Bd3 b5 7.c5 Qc7 8.e4 dxe4
9.Nxe4 Nxe4 10.Bxe4 Nf6 11.Bc2 Bg4 12.Be3 e6 13.Qe2 a5 14.Bg5 Nd5 15.O-O Be7
16.Bxe7 Qxe7 17.Be4 Rd8 18.Qd2 Bxf3 19.Bxf3 Qc7 20.Qg5 O-O 21.Rad1 a4 22.Be4 Qe7
23.Qg3 f5 24.Bb1 Qf6 25.Rfe1 Rfe8 26.f4 Qh6 27.Rf1 Rd7 28.Qf3 Red8 29.g3 Ne7
30.Qf2 Qf6 31.Rfe1 Rxd4 32.Rxd4 Rxd4 33.a3 Rd7 34.Qe2 Kf7 35.Ba2 Nd5 36.b4 axb3
37.Bxb3 Qd4+ 38.Kg2 Re7 39.Qf2 Qc3 40.Bxd5 exd5 41.Rxe7+ Kxe7 42.Qe2+ Kf6
43.h4 Qd4 44.Qh5 Qe4+ 45.Kf2 h6 46.Qd1 Qc4 47.Qa1+ d4 48.Qe1 Qxc5 49.Qe8 d3+
50.Ke1 Qc1+ 51.Kf2 Qc2+ 52.Kf1 Qd1+ 53.Kf2 Qe2+ 54.Qxe2 dxe2 55.Kxe2 Ke6
56.Kd3 c5 57.h5 Kd5  0-1

[Event "FIDE World Blitz 2013"]
[Site "Khanty-Mansiysk RUS"]
[Date "2013.06.09"]
[Round "2.21"]
[White "Zvjaginsev,V"]
[Black "Al Sayed,Mohamad"]
[Result "1-0"]
[WhiteElo "2659"]
[BlackElo "2498"]

1.c4 c6 2.e4 d5 3.exd5 cxd5 4.cxd5 Nf6 5.Nc3 Nxd5 6.Nf3 Nc6 7.Bb5 e6 8.O-O Be7
9.Ne5 Qd6 10.d4 O-O 11.Nxc6 bxc6 12.Ne4 Qc7 13.Be2 a5 14.a3 Ba6 15.Re1 Bxe2
16.Qxe2 Qb6 17.Rd1 Rfd8 18.Bg5 Bxg5 19.Nxg5 Rab8 20.Qh5 Qc7 21.Qxh7+ Kf8
22.Qh8+ Ke7 23.Qxg7 Qf4 24.Re1 Rxb2 25.Nxe6 Qxf2+ 26.Kh1 Rd6 27.Nf4+ Kd8
28.Qf8+ Kc7 29.Qxf7+ Rd7 30.Nxd5+ cxd5 31.Rec1+ Kb6 32.Qe6+  1-0

[Event "FIDE World Blitz 2013"]
[Site "Khanty-Mansiysk RUS"]
[Date "2013.06.09"]
[Round "5.9"]
[White "Movsesian,S"]
[Black "Kobalia,M"]
[Result "1/2-1/2"]
[WhiteElo "2699"]
[BlackElo "2651"]

1.c4 c6 2.Nf3 d5 3.e3 Nf6 4.d4 a6 5.Nc3 e6 6.b3 Bb4 7.Bd2 O-O 8.Qc2 Nbd7
9.Bd3 Bd6 10.O-O e5 11.cxd5 cxd5 12.dxe5 Nxe5 13.Nxe5 Bxe5 14.h3 Bd7 15.f4 Bd6
16.Ne2 Rc8 17.Qb2 Ne4 18.Bxe4 dxe4 19.Bc3 f6 20.Rfd1 Qe7 21.Qd2 Bb5 22.Qd5+ Qf7
23.Qxf7+ Rxf7 24.Rxd6 Bxe2 25.Bb4 h5 26.Kf2 Rc2 27.Rd2 Rxd2 28.Bxd2 Bb5 29.Rc1 Bc6
30.Bc3 Rd7 31.Bd4 h4 32.Ke2 Kf7 33.Kd2 Rd5 34.Rc5  1/2-1/2

[Event "FIDE World Blitz 2013"]
[Site "Khanty-Mansiysk RUS"]
[Date "2013.06.09"]
[Round "9.9"]
[White "Movsesian,S"]
[Black "Najer,E"]
[Result "0-1"]
[WhiteElo "2699"]
[BlackElo "2633"]

1.c4 c6 2.Nf3 d5 3.e3 Nf6 4.d4 Bg4 5.Nc3 e6 6.h3 Bh5 7.Qb3 Qb6 8.Ne5 Nbd7
9.g4 Bg6 10.Nxg6 hxg6 11.Bg2 g5 12.Bd2 Be7 13.O-O-O Qxb3 14.axb3 O-O-O 15.c5 Nf8
16.b4 a6 17.f3 Ng6 18.Bf1 Rh6 19.Be1 Rdh8 20.Bg3 Bd8 21.Rh2 Bc7 22.Bxc7 Kxc7
23.Rf2 Nh7 24.f4 Kd8 25.f5 Ne7 26.e4 Nf6 27.e5 Ne8 28.Bg2 exf5 29.gxf5 f6
30.Re1 Rh4 31.Ne2 fxe5 32.dxe5 Rf8 33.Ref1 Rxb4 34.Kc2 Nc7 35.b3 Nb5 36.Kb2 a5
37.Rf3 a4 38.f6 gxf6 39.exf6 Ng6 40.Rg3 Nf4 41.Nxf4 gxf4 42.Rg6 Rxb3+ 43.Kc1 a3
44.Rf2 Nc3 45.Kc2 Rb2+ 46.Kxc3 Rxf2 47.Kd4  0-1

[Event "FIDE World Blitz 2013"]
[Site "Khanty-Mansiysk RUS"]
[Date "2013.06.09"]
[Round "15.17"]
[White "Rakhmanov,Ale"]
[Black "Kamsky,G"]
[Result "1/2-1/2"]
[WhiteElo "2602"]
[BlackElo "2741"]

1.c4 c6 2.d4 d5 3.cxd5 cxd5 4.Nc3 Nf6 5.Bf4 e6 6.e3 Nc6 7.Nf3 Bd6 8.Bg3 Bxg3
9.hxg3 O-O 10.Bd3 h6 11.Ne5 Qb6 12.Qe2 Nxe5 13.dxe5 Nd7 14.Rxh6 gxh6 15.Qg4+ Kh8
16.Qh4 Kg7 17.Qg4+  1/2-1/2